000 00550nam a22002057a 4500
005 20151230110645.0
008 080922s2009 nyua b 001 0 eng
020 _a9780071597333
020 _a0071597336
041 0 _aeng
080 _a339.138
100 1 _aRamos, Andreas.
245 1 0 _aSearch engine marketing /
_cAndreas Ramos, Stephanie Cota.
260 _aNew York :
_bMcGraw-Hill,
_c2009.
300 _a267 f. :
_bme il.;
_c24 cm.
505 _aIndex: f. 253 - 267
650 0 _aMarketingu
700 1 _aCota, Stephanie.
942 _2udc
_cBK
999 _c663
_d663